[Event "Landesklasse Ost 2013/2014"]
[Site "?"]
[Date "2014.03.23"]
[Round "8"]
[White "Ahmed, Daniel"]
[Black "Thiemann, Jürgen"]
[Result "0-1"]
[WhiteElo "1198"]
[BlackElo "1708"]
[PlyCount "98"]
[EventDate "2014.??.??"]
[WhiteTeam "VfL 1990 Gera"]
[BlackTeam "SV Empor Erfurt"]

1. d4 d5 2. c4 e6 3. Nc3 Nf6 4. Bg5 Nbd7 5. e3 Be7 6. Nf3 O-O 7. Bd3 c5 8. O-O
a6 9. Qb3 dxc4 10. Bxc4 Nb6 11. Be2 cxd4 12. exd4 Nbd5 13. Bc4 Nxc3 14. bxc3 b5
15. Bd3 h6 16. Bxf6 Bxf6 17. Qc2 Qd6 18. Rfe1 Bb7 19. Be4 Bd5 20. Bxd5 Qxd5 21.
Rab1 Rfc8 22. Qd2 Rc7 23. Rec1 Rac8 24. Qe3 Qxa2 25. Ra1 Qb2 26. Rxa6 Rxc3 27.
Rxc3 Qxc3 28. Qxc3 Rxc3 29. h3 b4 30. Rb6 Rc4 31. Rd6 Rc1+ 32. Kh2 Rc4 33. Nd2
Rxd4 34. Rxd4 Bxd4 35. Kg1 Kf8 36. Kf1 Ke7 37. Ke2 Kd6 38. Nb3 Kd5 39. f3 Kc4
40. Na5+ Kc3 41. Nc6 Bf6 42. Nxb4 Kxb4 43. Kd3 Kc5 44. Ke4 Kd6 45. f4 g6 46. g3
Bb2 47. g4 f5+ 48. Ke3 Kd5 49. Kd3 Bc1 0-1

[Event "Landesklasse Ost 2013/2014"]
[Site "?"]
[Date "2014.04.13"]
[Round "9"]
[White "Buring, Matthias"]
[Black "Skibbe, Diana"]
[Result "0-1"]
[WhiteElo "2051"]
[BlackElo "1927"]
[PlyCount "108"]
[EventDate "2014.??.??"]

1. d4 f5 2. Bg5 Nc6 3. Nf3 d6 4. e3 h6 5. Bh4 g5 6. d5 Bg7 7. Nc3 Ne5 8. Bb5+
Kf8 9. Bg3 Ng6 10. Nd4 e5 11. dxe6 N8e7 12. Nxf5 Bxc3+ 13. bxc3 Nxf5 14. Qf3
Bxe6 15. e4 g4 16. Qxg4 Nxg3 17. Qxe6 Nxh1 18. Qxg6 Qg5 19. Qf5+ Qxf5 20. exf5
c6 21. Bd3 Nxf2 22. Kxf2 Kg7 23. Kf3 Kf6 24. g4 h5 25. h3 hxg4+ 26. hxg4 Kg5
27. Rb1 Rab8 28. Kg3 Rh7 29. f6 Rf7 30. Rh1 Kxf6 31. Rh6+ Ke7 32. g5 Rg8 33.
Kg4 Rf2 34. Rh7+ Rf7 35. Rh1 Rgg7 36. Re1+ Kf8 37. Re6 Rd7 38. g6 Rge7 39. Kf5
Kg7 40. c4 d5 41. c5 d4 42. Be4 d3 43. cxd3 Rxe6 44. Kxe6 Rd4 45. Ke5 Ra4 46.
Kd6 Rxa2 47. Kc7 Rb2 48. d4 a5 49. d5 cxd5 50. Bxd5 Rb5 51. Bf7 a4 52. Be8
Rxc5+ 53. Kb6 a3 54. Bf7 Rc2 0-1

[Event "Landesklasse Ost 2013/2014"]
[Site "?"]
[Date "2014.04.13"]
[Round "9"]
[White "Barth, Christian"]
[Black "Sauer, Marko"]
[Result "0-1"]
[WhiteElo "1787"]
[BlackElo "2004"]
[PlyCount "58"]
[EventDate "2014.??.??"]

1. e4 c5 2. Nf3 Nc6 3. d4 cxd4 4. Nxd4 Nf6 5. f3 d5 6. exd5 Qxd5 7. Bb5 Bd7 8.
Bxc6 Bxc6 9. Nc3 Qe5+ 10. Kf2 O-O-O 11. Be3 Nd5 12. Nxd5 Qxd5 13. c4 Qd7 14.
Qc2 e6 15. Nb5 Bxb5 16. cxb5+ Kb8 17. Rhd1 Bd6 18. Qa4 b6 19. Bf4 Qe7 20. Rxd6
Rxd6 21. Qd4 Rhd8 22. Rd1 Kc7 23. Qxg7 Qh4+ 24. g3 Qxh2+ 25. Ke3 Qh5 26. Rc1+
Kb7 27. g4 Rd3+ 28. Ke2 Qxb5 29. Qxf7+ R3d7+ 0-1

[Event "Landesklasse Ost 2013/2014"]
[Site "?"]
[Date "2014.04.13"]
[Round "9"]
[White "Schätz, Bianca"]
[Black "Wolfram, Thomas"]
[Result "1/2-1/2"]
[WhiteElo "1817"]
[BlackElo "1725"]
[PlyCount "54"]
[EventDate "2014.??.??"]

1. d4 d5 2. Nf3 e6 3. e3 Bd6 4. Bd3 Nd7 5. b3 Ngf6 6. Bb2 Ne4 7. O-O f5 8. c4
c6 9. Ne5 Qf6 10. Qh5+ g6 11. Nxd7 Bxd7 12. Qe2 e5 13. cxd5 cxd5 14. f3 Ng5 15.
dxe5 Bxe5 16. Bxe5 Qxe5 17. Nd2 Ne6 18. f4 Qd6 19. Nf3 Nc5 20. Rad1 Nxd3 21.
Qxd3 Bc6 22. Qd4 Rf8 23. Rd2 a6 24. Rfd1 Kf7 25. Ne5+ Kg8 26. Nc4 Qe6 27. Ne5
Rfe8 1/2-1/2

[Event "Landesklasse Ost 2013/2014"]
[Site "?"]
[Date "2014.04.13"]
[Round "9"]
[White "Riemer-Nlula, Marion"]
[Black "Hattendorf, Jens"]
[Result "0-1"]
[WhiteElo "1741"]
[BlackElo "1881"]
[PlyCount "54"]
[EventDate "2014.??.??"]

1. e4 e5 2. f4 exf4 3. Nf3 Be7 4. Bc4 d5 5. Bxd5 Bh4+ 6. g3 fxg3 7. Bxf7+ Kxf7
8. O-O Nf6 9. d4 Re8 10. Nxh4 gxh2+ 11. Kxh2 Rxe4 12. Nf3 Kg8 13. c3 Qd6+ 14.
Ne5 Ng4+ 15. Kg1 Nxe5 16. dxe5 Qg6+ 17. Kf2 Qb6+ 18. Kg3 Rg4+ 19. Kh2 Rh4+ 20.
Kg3 Rh3+ 21. Kf4 Qh6+ 22. Ke4 Qg6+ 23. Kd4 Nc6+ 24. Kc5 b6+ 25. Kb5 a6+ 26. Ka4
Qe4+ 27. b4 Qxb4+ 0-1

[Event "Landesklasse Ost 2013/2014"]
[Site "?"]
[Date "2014.04.13"]
[Round "9"]
[White "Jank, Kevin"]
[Black "Wiedemann, Volker"]
[Result "1/2-1/2"]
[WhiteElo "1625"]
[BlackElo "1822"]
[PlyCount "55"]
[EventDate "2014.??.??"]

1. e4 e6 2. f4 d5 3. e5 c5 4. Nf3 Nc6 5. Bb5 Bd7 6. Bxc6 Bxc6 7. d4 cxd4 8.
Qxd4 Qa5+ 9. Bd2 Qc5 10. c3 Nh6 11. Qxc5 Bxc5 12. Nd4 Bxd4 13. cxd4 Nf5 14. Bc3
Ne3 15. Kd2 Nxg2 16. Rg1 Nxf4 17. Rxg7 a5 18. Rg4 Ng6 19. Ke3 Ne7 20. Nd2 Nf5+
21. Kf4 Kd7 22. Rag1 Bb5 23. a3 b6 24. Nf3 h6 25. Ne1 Rac8 26. Kf3 Ba4 27. Ke2
Bb3 28. Kd2 1/2-1/2

[Event "Landesklasse Ost 2013/2014"]
[Site "?"]
[Date "2014.04.13"]
[Round "9"]
[White "Marufke, Kai"]
[Black "Teichmann, Mario"]
[Result "1/2-1/2"]
[WhiteElo "1875"]
[BlackElo "1348"]
[PlyCount "54"]
[EventDate "2014.??.??"]

1. e4 c5 2. f4 d5 3. exd5 Qxd5 4. d3 Nf6 5. Nc3 Qd8 6. Be2 e6 7. Nf3 Nc6 8. O-O
Be7 9. h3 O-O 10. Be3 Nd4 11. Ne4 Nxe2+ 12. Qxe2 Nxe4 13. dxe4 b6 14. Rad1 Qc7
15. Rd2 Bb7 16. Rfd1 Rfd8 17. e5 Rd5 18. c4 Rxd2 19. Rxd2 Rd8 20. Kf2 Qc6 21.
Rxd8+ Bxd8 22. Qd3 Be7 23. b3 h6 24. Bd2 Kf8 25. Qh7 f6 26. Qd3 Kf7 27. Bc3 Qe4
1/2-1/2

[Event "Landesklasse Ost 2013/2014"]
[Site "?"]
[Date "2014.04.13"]
[Round "9"]
[White "Martin, Elvira"]
[Black "Bächer, Reinhard"]
[Result "0-1"]
[WhiteElo "1192"]
[BlackElo "1839"]
[PlyCount "30"]
[EventDate "2014.??.??"]

1. e4 d5 2. exd5 Nf6 3. c4 c6 4. dxc6 Nxc6 5. b3 e5 6. Nc3 Bc5 7. h3 O-O 8. d3
Bf5 9. Be3 Bxe3 10. fxe3 Nb4 11. e4 Nxe4 12. dxe4 Qh4+ 13. Ke2 Bxe4 14. Qd2
Bd3+ 15. Ke3 Qf4# 0-1

[Event "Landesklasse Ost 2013/2014"]
[Site "?"]
[Date "2014.04.13"]
[Round "9"]
[White "Hoffmann, Tim"]
[Black "Weiß, Thomas"]
[Result "1-0"]
[WhiteElo "1926"]
[BlackElo "1907"]
[PlyCount "57"]
[EventDate "2014.??.??"]

1. e4 e6 2. d4 d5 3. Nd2 c5 4. exd5 exd5 5. Ngf3 Nc6 6. Bb5 Bd6 7. dxc5 Bxc5 8.
O-O Nge7 9. Nb3 Bd6 10. c3 O-O 11. Re1 Bg4 12. h3 Bh5 13. Be2 Re8 14. Bg5 h6
15. Be3 Rc8 16. Qd2 Rc7 17. Nfd4 Bxe2 18. Qxe2 Nxd4 19. Nxd4 Ng6 20. Nf5 Bf8
21. Qg4 Re4 22. Qg3 Qf6 23. Qxc7 Qxf5 24. Rad1 Qe6 25. Qd8 Nf4 26. Kf1 Qa6+ 27.
Kg1 Qe6 28. Kh2 g5 29. Bxf4 1-0

[Event "Landesklasse Ost 2013/2014"]
[Site "?"]
[Date "2014.04.13"]
[Round "9"]
[White "Anschütz, Mario"]
[Black "Puschendorf, Steffen"]
[Result "0-1"]
[WhiteElo "1846"]
[BlackElo "2083"]
[PlyCount "112"]
[EventDate "2014.??.??"]

1. d4 g6 2. e4 Bg7 3. f4 d5 4. e5 Bf5 5. Ne2 h5 6. Ng3 Bg4 7. Be2 Nh6 8. Nd2 e6
9. Nf3 c5 10. c3 cxd4 11. Qa4+ Nc6 12. Nxd4 O-O 13. Nxc6 bxc6 14. Qxc6 Bxe2 15.
Nxe2 Qh4+ 16. g3 Qh3 17. Qc5 Qg2 18. Qg1 Qe4 19. h3 f6 20. exf6 Bxf6 21. Rh2
Nf5 22. Qg2 Qd3 23. Kf2 d4 24. Qf3 Qc2 25. Kg1 Qd1+ 26. Qf1 Qd3 27. Rg2 h4 28.
gxh4 Nxh4 29. Rg3 Qe4 30. Bd2 e5 31. cxd4 exd4 32. Re1 Qc2 33. Bb4 Rfc8 34. f5
d3 35. fxg6 Kg7 36. Nf4 Bd4+ 37. Kh1 Bf2 38. Bc3+ Kg8 39. Nxd3 Bxe1 40. Nxe1
Qe4+ 41. Ng2 Rf8 42. Rg4 Rf3 43. Qf2 Rxh3+ 44. Kg1 Nf3+ 45. Qxf3 Qxf3 46. Rf4
Qd1+ 47. Rf1 Qh5 48. Rf6 Qc5+ 49. Kf1 Rh1+ 50. Ke2 Rh2 51. Kf1 Qd5 52. Rf2 Qd1+
53. Ne1 Rh1+ 54. Kg2 Qh5 55. Rd2 Qh3+ 56. Kf2 Qh4+ 0-1

[Event "Landesklasse Ost 2013/2014"]
[Site "?"]
[Date "2014.04.13"]
[Round "9"]
[White "Gläßl, Matthias"]
[Black "Latka, Robert"]
[Result "1-0"]
[WhiteElo "2050"]
[BlackElo "1701"]
[PlyCount "113"]
[EventDate "2014.??.??"]

1. e4 c5 2. Nf3 Nc6 3. Bb5 e6 4. O-O Nge7 5. c3 a6 6. Ba4 b5 7. Bc2 Ng6 8. d4
Be7 9. d5 exd5 10. exd5 Nce5 11. Nxe5 Nxe5 12. d6 Bf6 13. f4 Nc6 14. Re1+ Kf8
15. Be3 g5 16. Qh5 h6 17. Nd2 Bb7 18. Bxc5 Kg7 19. Bb3 Rf8 20. Ne4 gxf4 21. Bd5
Bg5 22. Rad1 f5 23. Bxc6 Bxc6 24. Bd4+ Kh7 25. Nxg5+ Qxg5 26. Re7+ Kg8 27. Rg7+
Qxg7 28. Bxg7 Kxg7 29. Re1 Be4 30. Qh4 Rg8 31. Qxf4 Kh7 32. g3 Rg6 33. Kf2 Rag8
34. h3 Re6 35. g4 Rg5 36. Re3 Kg6 37. Ke1 h5 38. gxh5+ Kxh5 39. Rg3 Rxg3 40.
Qxg3 Bd5+ 41. Kd2 Bxa2 42. Qf4 Kg6 43. h4 Bc4 44. Qg5+ Kf7 45. Qxf5+ Kg7 46.
Qg5+ Kh7 47. Qh5+ Kg7 48. Qg4+ Kh7 49. Qf4 Re2+ 50. Kd1 Rxb2 51. Qf5+ Kh6 52.
Qxd7 Bb3+ 53. Ke1 Rb1+ 54. Ke2 a5 55. Qe7 Bc4+ 56. Kd2 b4 57. Qf6+ 1-0

[Event "Landesklasse Ost 2013/2014"]
[Site "?"]
[Date "2014.04.13"]
[Round "9"]
[White "Vogel, Steffen"]
[Black "Schmidt, Frank"]
[Result "0-1"]
[WhiteElo "1821"]
[BlackElo "1921"]
[PlyCount "114"]
[EventDate "2014.??.??"]

1. d4 Nf6 2. c4 d6 3. Nc3 g6 4. e4 Bg7 5. h3 O-O 6. Nf3 e5 7. d5 a5 8. Bg5 Na6
9. Bd3 Qe8 10. O-O Nh5 11. Kh2 f5 12. Bd2 Nc5 13. Bc2 Kh8 14. Qc1 fxe4 15. Nxe4
Nxe4 16. Bxe4 Nf4 17. Ng1 Bf5 18. Bxf5 Rxf5 19. Qc2 Rf7 20. g3 Nh5 21. Rae1 Qd7
22. Qc1 Raf8 23. Kg2 c6 24. Bh6 Nf4+ 25. Bxf4 exf4 26. Nf3 fxg3 27. fxg3 cxd5
28. cxd5 Qb5 29. Qd2 Qxb2 30. Qxb2 Bxb2 31. Rb1 Ba3 32. Rb3 Bc5 33. Re1 b6 34.
Re2 Rf5 35. Rd3 R8f7 36. g4 Rf4 37. Kg3 h6 38. Re6 Kg7 39. Kg2 g5 40. Kg3 R7f6
41. Re2 Kf7 42. Kg2 Ra4 43. Nh2 Rff4 44. Nf1 Rae4 45. Rxe4 Rxe4 46. Ng3 Rf4 47.
Rd2 b5 48. Nf5 h5 49. Kg3 b4 50. Re2 a4 51. Nh6+ Kg7 52. Nf5+ Kf8 53. Re6 h4+
54. Kg2 Rf2+ 55. Kh1 Rxa2 56. Nxd6 Bxd6 57. Rxd6 b3 0-1

[Event "Landesklasse Ost 2013/2014"]
[Site "?"]
[Date "2014.04.13"]
[Round "9"]
[White "Senf, Paul"]
[Black "Mitter, Frank"]
[Result "1-0"]
[WhiteElo "1620"]
[BlackElo "1781"]
[PlyCount "111"]
[EventDate "2014.??.??"]

1. e4 c5 2. Nf3 Nc6 3. d4 cxd4 4. Nxd4 Nf6 5. Nc3 d6 6. Bc4 e5 7. Nb3 Be7 8. f3
Be6 9. Bd5 O-O 10. Be3 a6 11. Qd2 Qc7 12. O-O-O Nb4 13. a3 Nbxd5 14. exd5 Bd7
15. g4 b5 16. h4 a5 17. Kb1 b4 18. axb4 axb4 19. Na2 Rfb8 20. h5 Ba4 21. Qd3 e4
22. fxe4 Nxg4 23. Bd4 Bf6 24. Bxf6 Nxf6 25. Nac1 Re8 26. Rde1 Ng4 27. Rhg1 Ne5
28. Qg3 g6 29. Qf4 Rac8 30. Rg2 Qe7 31. Nd4 Bd7 32. Nce2 Kh8 33. Rh1 Rg8 34.
Rgh2 g5 35. Qg3 h6 36. Rf2 Ng4 37. Rf3 b3 38. Nxb3 Qxe4 39. Nc3 Qe7 40. Re1 Ne5
41. Rff1 f5 42. Qe3 Rgf8 43. Nd2 f4 44. Qd4 Bf5 45. Nf3 Rfe8 46. Qb6 Rb8 47.
Qa6 Kh7 48. Nb5 Red8 49. Nbd4 Bh3 50. Rg1 Ra8 51. Qd3+ Kh8 52. Nxe5 dxe5 53.
Nc6 Qf6 54. Nxd8 Rxd8 55. Qxh3 Rxd5 56. Rd1 1-0

[Event "Landesklasse Ost 2013/2014"]
[Site "?"]
[Date "2014.04.13"]
[Round "9"]
[White "Petigk, Falk"]
[Black "Hilbig, Dieter"]
[Result "0-1"]
[WhiteElo "1713"]
[BlackElo "1893"]
[PlyCount "52"]
[EventDate "2014.??.??"]

1. e4 c5 2. Nf3 Nc6 3. d4 cxd4 4. Nxd4 e5 5. Nb5 d6 6. N1c3 a6 7. Na3 Nf6 8.
Bg5 Be7 9. Bxf6 Bxf6 10. Nd5 b5 11. c3 Bg5 12. Be2 O-O 13. Nc2 f5 14. Bf3 Bb7
15. exf5 Rxf5 16. Be4 Rf8 17. h4 Bh6 18. Qd3 Kh8 19. Bxh7 e4 20. Bxe4 Ne5 21.
Qe2 Re8 22. Nce3 Nc4 23. Bf3 Bxd5 24. Bxd5 Nxe3 25. fxe3 Rxe3 26. Bxa8 Qxa8 0-1

[Event "Landesklasse Ost 2013/2014"]
[Site "?"]
[Date "2014.04.13"]
[Round "9"]
[White "Steinmüller, Johannes"]
[Black "Philipp, Mathias"]
[Result "0-1"]
[WhiteElo "1744"]
[BlackElo "1653"]
[PlyCount "100"]
[EventDate "2014.??.??"]

1. e4 e5 2. Nf3 Nc6 3. Bb5 a6 4. Bxc6 dxc6 5. d4 exd4 6. Qxd4 Qxd4 7. Nxd4 Bc5
8. Nb3 Bb4+ 9. Bd2 Bd6 10. O-O Be6 11. Bc3 f6 12. N1d2 Nh6 13. Rad1 O-O-O 14.
Nf3 Bg4 15. h3 Bxf3 16. gxf3 c5 17. Bd2 Nf7 18. f4 Rhe8 19. f3 c4 20. Nd4 c5
21. Nf5 Bc7 22. Be3 g6 23. Ng7 Rg8 24. Ne6 Rxd1 25. Rxd1 b6 26. Nxc7 Kxc7 27.
Kf2 Rd8 28. Rxd8 Nxd8 29. e5 f5 30. h4 Ne6 31. h5 Kc6 32. hxg6 hxg6 33. Bd2 Nd4
34. c3 Ne6 35. Ke3 a5 36. Ke2 Kb5 37. Be3 Ka4 38. Kd2 b5 39. Kc2 b4 40. cxb4
cxb4 41. Kd2 Kb5 42. Kc2 a4 43. Kd2 Kc6 44. Kc2 Kd5 45. Bd2 Nd4+ 46. Kd1 b3 47.
axb3 cxb3 48. Bc3 Ne6 49. Bd2 Kc4 50. Bc1 Kd3 0-1

[Event "Landesklasse Ost 2013/2014"]
[Site "?"]
[Date "2014.04.13"]
[Round "9"]
[White "Schmidt, Stephan"]
[Black "Liebold, Aaron"]
[Result "1/2-1/2"]
[WhiteElo "1639"]
[BlackElo "1188"]
[PlyCount "80"]
[EventDate "2014.??.??"]

1. e4 c5 2. Nf3 Nc6 3. d4 cxd4 4. Nxd4 g6 5. Nxc6 bxc6 6. Bc4 Bg7 7. Qf3 e6 8.
O-O Ne7 9. Nc3 O-O 10. Bf4 d5 11. exd5 cxd5 12. Bb3 Bb7 13. Rad1 Bc6 14. Qd3 d4
15. Ne4 e5 16. Bg5 h6 17. Nf6+ Kh8 18. f4 Nf5 19. fxe5 hxg5 20. Rxf5 Bxf6 21.
Qh3+ Kg8 22. exf6 d3 23. Rxd3 Qb6+ 24. Rf2 Rfe8 25. Kf1 Qa5 26. Rd1 Rad8 27.
Qg4 Rxd1+ 28. Qxd1 Qc5 29. c4 Qe5 30. Re2 Qxf6+ 31. Rf2 Qe5 32. h3 Qh2 33. Re2
Qf4+ 34. Kg1 Rxe2 35. Qxe2 Qc1+ 36. Qf1 Qxb2 37. c5 Qd4+ 38. Qf2 Qa1+ 39. Qf1
Qd4+ 40. Qf2 Qa1+ 1/2-1/2

[Event "Landesklasse Ost 2013/2014"]
[Site "?"]
[Date "2014.04.13"]
[Round "9"]
[White "Pichl, Michael"]
[Black "Richter, Jan"]
[Result "1/2-1/2"]
[WhiteElo "1983"]
[BlackElo "1899"]
[PlyCount "104"]
[EventDate "2014.??.??"]

1. g3 Nf6 2. Bg2 g6 3. c4 Bg7 4. Nc3 c5 5. Nf3 O-O 6. d4 cxd4 7. Nxd4 Nc6 8.
O-O Ng4 9. Nc2 d6 10. Bd2 Be6 11. h3 Nge5 12. b3 f5 13. Rc1 Qd7 14. Nd5 h6 15.
Bc3 g5 16. e3 Bf7 17. Qd2 e6 18. Ndb4 g4 19. Ne1 gxh3 20. Bxh3 Bh5 21. Bg2 Rad8
22. Nbd3 Nxd3 23. Nxd3 e5 24. Nb4 f4 25. Bd5+ Kh8 26. Kh2 fxg3+ 27. fxg3 Ne7
28. Be4 Qg4 29. Qg2 Nf5 30. Bxf5 Rxf5 31. Rxf5 Qxf5 32. Rf1 Qg5 33. Nd5 Bg4 34.
Qe4 Rf8 35. Rxf8+ Bxf8 36. Kg2 Qh5 37. Nf6 Qh3+ 38. Kf2 Qh2+ 39. Qg2 Qxg2+ 40.
Kxg2 Bf5 41. Bb4 Bb1 42. a4 Bc2 43. Nd7 Be7 44. Nxe5 dxe5 45. Bxe7 Bxb3 46. a5
Bxc4 47. Kf3 Bd3 48. Bf6+ Kg8 49. Bxe5 b6 50. Bc3 bxa5 51. Bxa5 Kf7 52. Kf4 h5
1/2-1/2

[Event "Landesklasse Ost 2013/2014"]
[Site "?"]
[Date "2014.04.13"]
[Round "9"]
[White "Michalowski, Peter"]
[Black "Bunke, Wilfried"]
[Result "1-0"]
[WhiteElo "1983"]
[BlackElo "1943"]
[PlyCount "97"]
[EventDate "2014.??.??"]

1. e4 e6 2. d4 d5 3. Nc3 dxe4 4. Nxe4 Nd7 5. Nf3 Ngf6 6. Bg5 c5 7. Nxf6+ Nxf6
8. dxc5 Qa5+ 9. Qd2 Qxd2+ 10. Nxd2 Bxc5 11. Be2 Bd7 12. Bf3 Bc6 13. Bxc6+ bxc6
14. Ke2 Nd5 15. c4 Nb6 16. b3 Bd4 17. Rad1 h6 18. Bh4 g5 19. Bg3 O-O 20. Nf3
Bf6 21. a4 Rfd8 22. a5 Nc8 23. Bc7 Re8 24. Rd7 Ne7 25. Ne5 Nf5 26. Nxc6 e5 27.
g4 Ng7 28. Nb4 Ne6 29. Nd5 Bg7 30. Ne7+ Kh8 31. Nf5 Nd4+ 32. Nxd4 exd4+ 33. Kd3
Re6 34. Rxf7 Rae8 35. Rd1 Re2 36. Rd2 Re1 37. Rd7 Rb1 38. Rd8 Rxd8 39. Bxd8
Rxb3+ 40. Ke4 Rc3 41. Kd5 Rh3 42. c5 Rc3 43. c6 Kg8 44. Bb6 d3 45. c7 Kf7 46.
Bc5 Bf8 47. c8=Q Rxc5+ 48. Qxc5 Bxc5 49. Kxc5 1-0

[Event "Landesklasse Ost 2013/2014"]
[Site "?"]
[Date "2014.04.13"]
[Round "9"]
[White "Mauch, Johannes"]
[Black "Streichardt, Niklas"]
[Result "1-0"]
[WhiteElo "1811"]
[BlackElo "1675"]
[PlyCount "91"]
[EventDate "2014.??.??"]

1. e4 e5 2. Bc4 Nc6 3. Nc3 Bc5 4. d3 d6 5. Na4 Bb6 6. Nxb6 axb6 7. f4 Na5 8.
Nf3 Nxc4 9. dxc4 f6 10. Nh4 Be6 11. Nf5 Qd7 12. Qd3 g6 13. Ng3 Ne7 14. O-O h5
15. f5 gxf5 16. exf5 Bf7 17. Ne4 O-O-O 18. Nxf6 Qc6 19. b3 d5 20. Bg5 dxc4 21.
Qe4 Qc5+ 22. Qe3 Qxe3+ 23. Bxe3 Nd5 24. Bg5 Rdf8 25. bxc4 Nxf6 26. Bxf6 Bxc4
27. Bxh8 Bxf1 28. Rxf1 Rxh8 29. Re1 Kd7 30. Rxe5 Kd6 31. Re6+ Kd7 32. h3 Rg8
33. Rg6 Rxg6 34. fxg6 Ke6 35. g4 h4 36. g5 Ke7 37. Kf2 Kf8 38. Kf3 Kg7 39. Kg4
c5 40. Kxh4 b5 41. Kg4 b4 42. Kf5 b5 43. h4 c4 44. h5 b3 45. h6+ Kg8 46. axb3
1-0

[Event "Landesklasse Ost 2013/2014"]
[Site "?"]
[Date "2014.04.13"]
[Round "9"]
[White "Wahlicht, Mike"]
[Black "Richter, Sebastian"]
[Result "1/2-1/2"]
[WhiteElo "1821"]
[BlackElo "1765"]
[PlyCount "42"]
[EventDate "2014.??.??"]

1. e4 e6 2. d4 d5 3. Nc3 Nc6 4. Nf3 Nf6 5. Bd3 Nb4 6. O-O Nxd3 7. Qxd3 dxe4 8.
Nxe4 Nxe4 9. Qxe4 Be7 10. Ne5 Bf6 11. f4 Qd5 12. Qe3 b5 13. b3 Bb7 14. Rf2 Qe4
15. Qxe4 Bxe4 16. Ba3 a5 17. Re2 Bd5 18. Bc5 Bxe5 19. Rxe5 f6 20. Re3 g6 21.
Rc1 f5 1/2-1/2

[Event "Landesklasse Ost 2013/2014"]
[Site "?"]
[Date "2014.04.13"]
[Round "9"]
[White "Bönisch, Julian"]
[Black "Nicolai, Tim"]
[Result "1-0"]
[WhiteElo "1569"]
[BlackElo "1647"]
[PlyCount "120"]
[EventDate "2014.??.??"]

1. Nf3 d5 2. g3 Bg4 3. Bg2 c6 4. O-O Nf6 5. d3 Nbd7 6. Nbd2 e6 7. c4 Be7 8. b3
O-O 9. Bb2 Ne8 10. Rc1 Qa5 11. a3 Bf6 12. Qc2 Nd6 13. h3 Bh5 14. b4 Qd8 15. c5
Nb5 16. a4 Nc7 17. e4 e5 18. d4 Re8 19. dxe5 Nxe5 20. Nxe5 Bxe5 21. Bxe5 Rxe5
22. f4 Re6 23. g4 Bxg4 24. hxg4 Qh4 25. Qd1 Rh6 26. Qf3 Ne6 27. Rc3 d4 28. Rd3
Qh2+ 29. Kf2 Nxf4 30. Rxd4 Ne6 31. Ke3 Rf6 32. Qh3 Qe5 33. Rd6 Qg5+ 34. Ke2
Nf4+ 35. Rxf4 Rxf4 36. Bf3 Rd8 37. Qh5 Qe7 38. Qe5 Qh4 39. Rxd8+ Qxd8 40. Qxf4
g6 41. Qd6 Qh4 42. Nc4 Qh3 43. Qf4 Qh4 44. Nd6 f5 45. exf5 Qe7+ 46. Qe3 Qf6 47.
Qe8+ Kg7 48. Qd7+ Kf8 49. Qf7+ Qxf7 50. Nxf7 Kxf7 51. fxg6+ hxg6 52. b5 cxb5
53. axb5 a6 54. bxa6 bxa6 55. Kd2 Ke7 56. g5 Ke6 57. c6 Kd6 58. Kc3 Kc7 59. Kb4
Kb6 60. Be4 a5+ 1-0

[Event "Landesklasse Ost 2013/2014"]
[Site "?"]
[Date "2014.04.13"]
[Round "9"]
[White "Thiemann, Jürgen"]
[Black "Wolf, Jonas"]
[Result "1/2-1/2"]
[WhiteElo "1708"]
[BlackElo "1367"]
[PlyCount "101"]
[EventDate "2014.??.??"]

1. d4 Nf6 2. c4 g6 3. Nc3 Bg7 4. Bg5 d6 5. Qd2 O-O 6. Bh6 Nbd7 7. Nf3 c5 8.
Bxg7 Kxg7 9. e3 a6 10. Rd1 Qc7 11. Be2 Nb6 12. b3 Bf5 13. d5 Nbd7 14. Nh4 e6
15. dxe6 Bxe6 16. Qxd6 Qxd6 17. Rxd6 Ne5 18. O-O Nc6 19. Rfd1 Nb4 20. Nf3 Bg4
21. h3 Bf5 22. g4 Be4 23. Rxf6 Kxf6 24. Nxe4+ Ke7 25. Nxc5 b6 26. Rd7+ Ke8 27.
Rc7 bxc5 28. Rxc5 Nxa2 29. Nd4 Kd7 30. Bf3 Rac8 31. Ra5 Nb4 32. Bb7 Rb8 33.
Bxa6 Nxa6 34. Rxa6 Ra8 35. Rxa8 Rxa8 36. Kg2 Kd6 37. f4 Ra1 38. g5 Re1 39. Kf3
Rh1 40. Ke4 Rxh3 41. b4 Rh1 42. c5+ Ke7 43. c6 Rc1 44. b5 Kd6 45. b6 Rc5 46. b7
Kc7 47. Kd3 Rc1 48. Ke4 Rc5 49. Kd3 Rc1 50. Nb5+ Kb8 51. Nd4 1/2-1/2

[Event "Landesklasse Ost 2013/2014"]
[Site "?"]
[Date "2014.04.13"]
[Round "9"]
[White "Seidens, Gunter"]
[Black "Sack, Matthias"]
[Result "1-0"]
[WhiteElo "1927"]
[BlackElo "1951"]
[PlyCount "95"]
[EventDate "2014.??.??"]

1. Nf3 Nf6 2. b3 d5 3. Bb2 c5 4. e3 Nc6 5. Bb5 Bd7 6. O-O e6 7. d3 Be7 8. Nbd2
O-O 9. Bxc6 Bxc6 10. Ne5 Qc7 11. f4 Rad8 12. Ng4 d4 13. e4 Ne8 14. Qe2 f6 15.
a4 b5 16. axb5 Bxb5 17. h3 Ra8 18. Qf3 Qb7 19. Qg3 a5 20. Rfb1 Kh8 21. h4 Qc7
22. h5 Ra7 23. Ra2 Bd8 24. Bc1 Qf7 25. Qh3 Bc7 26. Nf3 Bc6 27. Bd2 a4 28. Rba1
Ba5 29. Bxa5 Rxa5 30. bxa4 Qd7 31. Nh4 Kg8 32. Rb2 Ra8 33. a5 Nc7 34. Qg3 c4
35. f5 exf5 36. Nxf5 Ne6 37. Rb6 Kh8 38. a6 cxd3 39. cxd3 Ng5 40. Qd6 Bb5 41.
Nf2 Nf7 42. Qc5 Rfb8 43. a7 Rb7 44. Nxd4 Rxb6 45. Qxb6 Ba4 46. Qb8+ Qe8 47.
Qxe8+ Bxe8 48. Ne6 1-0

[Event "Landesklasse Ost 2013/2014"]
[Site "?"]
[Date "2014.04.13"]
[Round "9"]
[White "Hadlich, Gerald"]
[Black "Katzer, Michael"]
[Result "0-1"]
[WhiteElo "1794"]
[BlackElo "1912"]
[PlyCount "66"]
[EventDate "2014.??.??"]

1. e4 e6 2. d4 b6 3. Bd3 Bb7 4. Nf3 c5 5. c3 Nf6 6. Qe2 Be7 7. O-O Nc6 8. a3
Na5 9. Nbd2 c4 10. Bc2 Qc7 11. e5 Nd5 12. Ne4 h6 13. Nfd2 O-O-O 14. f4 f5 15.
Nd6+ Bxd6 16. exd6 Qxd6 17. Nxc4 Nxc4 18. Qxc4+ Kb8 19. Qe2 Qc6 20. Bd3 Nc7 21.
Be3 g5 22. c4 Rdg8 23. Rf2 gxf4 24. Bxf4 Rg4 25. Bxc7+ Qxc7 26. Qe5 Rhg8 27.
Qxc7+ Kxc7 28. d5 Rd4 29. Rd1 exd5 30. Rfd2 dxc4 31. Bxf5 Rxg2+ 32. Rxg2 Rxd1+
33. Kf2 Rd2+ 0-1

[Event "Landesklasse Ost 2013/2014"]
[Site "?"]
[Date "2014.04.13"]
[Round "9"]
[White "Kretzschmar, Bernd"]
[Black "Osterroth, Reinhard"]
[Result "1/2-1/2"]
[WhiteElo "1867"]
[BlackElo "1857"]
[PlyCount "80"]
[EventDate "2014.??.??"]

1. e4 c6 2. d3 d5 3. Nd2 g6 4. Ngf3 Bg7 5. Be2 e5 6. O-O Ne7 7. b4 a5 8. Bb2
Nd7 9. a3 O-O 10. Re1 Qc7 11. Bf1 dxe4 12. dxe4 Nb6 13. c4 Bg4 14. c5 Nd7 15.
h3 Bxf3 16. Nxf3 b6 17. cxb6 Nxb6 18. Qc2 Rfc8 19. Rac1 axb4 20. axb4 Qd6 21.
Qc5 Qxc5 22. bxc5 Nd7 23. Red1 Rc7 24. Rc3 f6 25. Bc4+ Kf8 26. Be6 Ke8 27. Kf1
Rb7 28. Ba3 Nf8 29. Bc4 Rd8 30. Bf7+ Kxf7 31. Rxd8 Ne6 32. Rd1 f5 33. Nd2 Rd7
34. Rcc1 Bh6 35. Nc4 Bxc1 36. Rxd7 Bxa3 37. Nxa3 Nxc5 38. Rc7 Nxe4 39. Nc4 Ke6
40. f3 Nc3 1/2-1/2

[Event "Landesklasse Ost 2013/2014"]
[Site "?"]
[Date "2014.04.13"]
[Round "9"]
[White "Moje, Hans-Jürgen"]
[Black "Welde, Kevin"]
[Result "1/2-1/2"]
[WhiteElo "1725"]
[BlackElo "1853"]
[PlyCount "32"]
[EventDate "2014.??.??"]

1. e4 c5 2. d4 cxd4 3. c3 dxc3 4. Nxc3 Nc6 5. Bc4 d6 6. Nf3 Nf6 7. h3 a6 8. O-O
e6 9. Qe2 Qc7 10. Rd1 Be7 11. Bf4 Ne5 12. Bxe5 dxe5 13. Rdc1 Bd7 14. Bb3 Qa5
15. Qe3 O-O 16. Qg5 Bc6 1/2-1/2

[Event "Landesklasse Ost 2013/2014"]
[Site "?"]
[Date "2014.04.13"]
[Round "9"]
[White "Huster, Mike"]
[Black "Hädrich, Dirk"]
[Result "1/2-1/2"]
[WhiteElo "1899"]
[BlackElo "1792"]
[PlyCount "61"]
[EventDate "2014.??.??"]

1. d4 e6 2. g3 f5 3. c4 Nf6 4. Bg2 d5 5. Nf3 c6 6. O-O Bd6 7. b3 O-O 8. Ba3
Bxa3 9. Nxa3 Qd6 10. Qc1 Nbd7 11. Qb2 Ng4 12. e3 Qe7 13. Nc2 g5 14. Ne5 Qg7 15.
Nxg4 fxg4 16. f3 gxf3 17. Rxf3 Rxf3 18. Bxf3 Nf6 19. Rf1 Bd7 20. Ne1 Be8 21.
Nd3 Bg6 22. Nc5 Bf5 23. cxd5 cxd5 24. b4 b6 25. Nb3 Rc8 26. Rc1 Qb7 27. Rc3 Ne4
28. Rc1 Nd6 29. Nd2 Qa6 30. Rxc8+ Qxc8 31. Be2 1/2-1/2